000 00726nam a2200277 a 4500
003 AR-BaBNM
005 20251128205439.0
008 082120s2002 ||||||||||||||000 | spa||
040 _cAR-BaBNM
100 1 _aMoncure, Jane Belk
245 0 0 _aLa alegría
260 _a[S.l.]
_bEncyclopaedia Britannica
_c1991
300 _a29 p.
_bil.
490 0 _aValores para la vida
_vv. 1
650 4 _aVALORES MORALES
650 4 _aVALORES CULTURALES
650 4 _aVALORES SOCIALES
650 4 _aEDUCACION MORAL
650 4 _aESTADOS DE ANIMO
653 _aEDUCACION EN VALORES
653 _aEDUCACION INICIAL
653 _aPRIMER CICLO DE LA EGB
700 1 _aKarch, Pat
_eilustrador
942 _cBK
998 _cSILVI
999 _c11437
_d11437